书目信息 |
| 题名: |
阅读的乐趣
|
|
| 作者: | 雅各布斯 著 ;魏瑞莉 译 | |
| 分册: | ||
| 出版信息: | 南京 译林出版社 2015 |
|
| 页数: | 154页 | |
| 开本: | 24cm | |
| 丛书名: | ||
| 单 册: | ||
| 中图分类: | G792-49 | |
| 科图分类: | ||
| 主题词: | 阅读--yue du--通俗读物 | |
| 电子资源: | ||
| ISBN: | 978-7-5447-5196-4 | |
| 000 | 01127nam0 2200289 450 | |
| 001 | 012001002276 | |
| 005 | 20131028110446.0 | |
| 010 | @a978-7-5447-5196-4@b精装@dCNY26.00 | |
| 099 | @aCAL 012015041673 | |
| 100 | @a20150413d2015 em y0chiy50 ea | |
| 101 | 0 | @achi@ceng |
| 102 | @aCN@b320000 | |
| 105 | @ay z 000yy | |
| 106 | @ar | |
| 200 | 1 | @a阅读的乐趣@Ayue du de le qu@f(美) 艾伦·雅各布著@d= The pleasures of reading in an age of distraction@fAlan Jacobs@g魏瑞莉译@zeng |
| 210 | @a南京@c译林出版社@d2015 | |
| 215 | @a154页@d24cm | |
| 305 | @a据原书2011年英文版译出 | |
| 314 | @a责任者Jacobs规范汉译姓: 雅各布斯 | |
| 330 | @a本书内容包括:我们能做到、兴致、一切尽在你的大脑中、远大抱负、追根溯源、遥远的回应、电子阅读时代、越慢越美丽、吐露真心、沉迷、来自修道院院长的劝诫、艾德勒和范多伦的胜利回归等。 | |
| 500 | 10 | @aPleasures of reading in an age of distraction@mChinese |
| 606 | 0 | @a阅读@Ayue du@j通俗读物 |
| 690 | @aG792-49@v5 | |
| 701 | 1 | @a雅各布斯@Aya ge bu si@g(Jacobs, Alan)@4著 |
| 702 | 0 | @a魏瑞莉@Awei rui li@4译 |
| 801 | 2 | @aCN@b江苏凤凰@c20191020 |
| 905 | @b1228541-4@dG792-49@e1301@f4 | |
| 阅读的乐趣/(美) 艾伦·雅各布著= The pleasures of reading in an age of distraction/Alan Jacobs/魏瑞莉译.-南京:译林出版社,2015 |
| 154页;24cm |
| ISBN 978-7-5447-5196-4(精装):CNY26.00 |
| 本书内容包括:我们能做到、兴致、一切尽在你的大脑中、远大抱负、追根溯源、遥远的回应、电子阅读时代、越慢越美丽、吐露真心、沉迷、来自修道院院长的劝诫、艾德勒和范多伦的胜利回归等。 |
| ● |
| 相关链接 |
|
|
|
|
正题名:阅读的乐趣
索取号:G792-49/1301
 
预约/预借
| 序号 | 登录号 | 条形码 | 馆藏地/架位号 | 状态 | 备注 |
| 1 | 1228541 | 212285418 | 第一样本阅览室/ [索取号:G792-49/1301] | 在馆 | |
| 2 | 1228542 | 212285427 | 教育系资料室/ [索取号:G792-49/1301] | 在馆 | |
| 3 | 1228543 | 212285436 | 第四借阅区/ [索取号:G792-49/1301] | 在馆 | |
| 4 | 1228544 | 212285445 | 教育系资料室/ [索取号:G792-49/1301] | 在馆 |